100 bài hát Việt Nam hay nhất thế kỷ 20
Sách là tuyển tập 100 bài hát Việt Nam hay nhất thế kỷ 20. Đây chính là những bài hát hay gắn liền với chân giá trị cao, sang và làm rung động người nghe.
Enregistré dans:
| Format: | Livre |
|---|---|
| Langue: | Undetermined |
| Publié: |
Hà Nội
Thanh niên
2007
|
| Sujets: | |
| Tags: |
Ajouter un tag
Pas de tags, Soyez le premier à ajouter un tag!
|
| Thư viện lưu trữ: | Trung tâm Học liệu Trường Đại học Cần Thơ |
|---|
| LEADER | 00814nam a2200193Ia 4500 | ||
|---|---|---|---|
| 001 | CTU_129453 | ||
| 008 | 210402s9999 xx 000 0 und d | ||
| 020 | |c 50000 | ||
| 082 | |a 782.42 | ||
| 082 | |b M458 | ||
| 245 | 0 | |a 100 bài hát Việt Nam hay nhất thế kỷ 20 | |
| 245 | 0 | |c Nguyễn Đình San ( Sưu tầm và tuyển chọn ) | |
| 260 | |a Hà Nội | ||
| 260 | |b Thanh niên | ||
| 260 | |c 2007 | ||
| 520 | |a Sách là tuyển tập 100 bài hát Việt Nam hay nhất thế kỷ 20. Đây chính là những bài hát hay gắn liền với chân giá trị cao, sang và làm rung động người nghe. | ||
| 650 | |a Songs, vietnamese,Bài hát, Việt Nam | ||
| 904 | |i Giang | ||
| 980 | |a Trung tâm Học liệu Trường Đại học Cần Thơ | ||